000 00280nam a22001217a 4500
008 170427b xxu||||| |||| 00| 0 eng d
041 _aeng
080 _a34
100 _a13
101 _aSHJ
245 _aAMERICAN JURISPRUDENCE PROOF OF FACTS
_cFINAN.W.J
942 _2udc
_cBK
999 _c12281
_d12281